01683cam a2200421 a 45000010005000000030006000050050017000110080041000280100017000690200030000860200018001160400023001340420015001570500015001720820011001871000022001982450096002202500045003162600035003613000043003964900045004395050007004845200231004915210028007225210020007506500035007706500040008056500037008456500032008826500028009146500030009426510024009727000032009969060045010289420015010739990015010889520158011034194FISKH20240626142243.0121005s2013 nyua c 000 1 eng  a 2012037405 a9781442476813 (hardcover) a9780545782449 aDLCcDLCdDLCbeng alcacalcac00aPZ7.S74817 a813.6 1 aSpencer, Octavia.14aThe case of the time-capsule bandit /cby Octavia Spencer ; [illustrations by Vivienne To]. aFirst Scholastic printing, October 2014  aNew York :bScholastic,c2013. a209 pages : billustrations ; c20 cm 0 aRandi Rhodes, ninja detective ;vBook 1  aR  aTwelve-year-old Randi, unhappy about moving from Brooklyn to Deer Creek, Tennessee, after her mother's death, soon finds new friends and a case to solve surrounding a stolen time capsule and rumors of a centuries-old treasure.8 a750 bLexile estimate 8 aR bRaz-Plus  1aMystery and detective stories. 1aCommunity lifezTennesseevFiction. 1aSingle-parent familiesvFiction. 1aMoving, HouseholdvFiction. 1aTime capsulesvFiction. 1aBuried treasurevFiction. 1aTennesseevFiction.1 aTo, Vivienne,eillustrator  a7bcbccorignewd1eecipf20gy-gencatlg 2ddccBKn0 c4194d4194 00102ddc40708JUVFa001b001cTK Oranged2024-06-26l1oSPE 813.6 PZ7.S74817 pFISTK05505q2025-12-23r2025-12-09 11:54:37s2025-12-09w2024-06-26yBK